<?xml version="1.0" encoding="UTF-8"?>
<collection xmlns="http://www.loc.gov/MARC21/slim">
<record>
  <controlfield tag="001">124971</controlfield>
  <controlfield tag="005">20230322092635.0</controlfield>
  <datafield tag="037" ind1=" " ind2=" ">
    <subfield code="a">TAZ-TFG-2022-4225</subfield>
  </datafield>
  <datafield tag="041" ind1=" " ind2=" ">
    <subfield code="a">spa</subfield>
  </datafield>
  <datafield tag="100" ind1="1" ind2=" ">
    <subfield code="a">Lázaro Sánchez, Marcos</subfield>
  </datafield>
  <datafield tag="242" ind1="0" ind2="0">
    <subfield code="a">MR. CUERDA, YOUR FILMS ARE CONTINGENT, BUT YOU ARE NECESSARY. Sociological analysis of the characters in the Trilogy of Surruralism</subfield>
  </datafield>
  <datafield tag="245" ind1="0" ind2="0">
    <subfield code="a">SEÑOR CUERDA SUS PELÍCULAS SON CONTINGENTES, PERO USTED ES NECESARIO. Análisis sociológico de los personajes en la Trilogía del  surruralismo.</subfield>
  </datafield>
  <datafield tag="260" ind1=" " ind2=" ">
    <subfield code="a">Zaragoza</subfield>
    <subfield code="b">Universidad de Zaragoza</subfield>
    <subfield code="c">2022</subfield>
  </datafield>
  <datafield tag="506" ind1=" " ind2=" ">
    <subfield code="a">by-nc-sa</subfield>
    <subfield code="b">Creative Commons</subfield>
    <subfield code="c">3.0</subfield>
    <subfield code="u">http://creativecommons.org/licenses/by-nc-sa/3.0/</subfield>
  </datafield>
  <datafield tag="520" ind1=" " ind2=" ">
    <subfield code="a">El cine español ha ido cambiando a lo largo de su historia, pero un gran punto de inflexión fue la llegada de la democracia al país. En este nuevo cine surge José Luis Cuerda, que realizara un cine novedoso y no visto antes. La recepción por parte del público y de la crítica será complicada, no siendo reconocido en su momento como merecía. El paso del tiempo le daría el reconocimiento que no recibió en el momento de sus estrenos. Creará una nueva tendencia, el “surruralismo” con su trilogía. Este nuevo estilo es una mezcla de surrealismo con ruralismo, con un toque costumbrismo y de humor absurdo. Este nacerá a través de la creación de sus peculiares personajes en el contexto rural, tan olvidado en España.&lt;br />&lt;br /></subfield>
  </datafield>
  <datafield tag="521" ind1=" " ind2=" ">
    <subfield code="a">Graduado en Historia del Arte</subfield>
  </datafield>
  <datafield tag="540" ind1=" " ind2=" ">
    <subfield code="a">Derechos regulados por licencia Creative Commons</subfield>
  </datafield>
  <datafield tag="700" ind1=" " ind2=" ">
    <subfield code="a">Martínez Herranz, Amparo</subfield>
    <subfield code="e">dir.</subfield>
  </datafield>
  <datafield tag="710" ind1="2" ind2=" ">
    <subfield code="a">Universidad de Zaragoza</subfield>
    <subfield code="b">Historia del Arte</subfield>
    <subfield code="c">Historia del Arte</subfield>
  </datafield>
  <datafield tag="856" ind1="0" ind2=" ">
    <subfield code="f">774433@unizar.es</subfield>
  </datafield>
  <datafield tag="856" ind1="4" ind2=" ">
    <subfield code="s">2683106</subfield>
    <subfield code="u">http://zaguan.unizar.es/record/124971/files/TAZ-TFG-2022-4225.pdf</subfield>
    <subfield code="y">Memoria (spa)</subfield>
  </datafield>
  <datafield tag="909" ind1="C" ind2="O">
    <subfield code="o">oai:zaguan.unizar.es:124971</subfield>
    <subfield code="p">driver</subfield>
    <subfield code="p">trabajos-fin-grado</subfield>
  </datafield>
  <datafield tag="950" ind1=" " ind2=" ">
    <subfield code="a"></subfield>
  </datafield>
  <datafield tag="980" ind1=" " ind2=" ">
    <subfield code="a">TAZ</subfield>
    <subfield code="b">TFG</subfield>
    <subfield code="c">FFYL</subfield>
  </datafield>
  <datafield tag="999" ind1=" " ind2=" ">
    <subfield code="a">20221110093136.CREATION_DATE</subfield>
  </datafield>
  <datafield tag="951" ind1=" " ind2=" ">
    <subfield code="a">deposita:2023-03-21</subfield>
  </datafield>
</record>
</collection>